| 000 | 00778cam a2200277 i 4500 | ||
|---|---|---|---|
| 999 |
_c60089 _d8826 |
||
| 001 | 60089 | ||
| 003 | TR-AnTOB | ||
| 005 | 20230719152131.0 | ||
| 008 | 110118s1969 gr a e 000 0 eng d | ||
| 040 |
_aTR-AnTOB _beng _erda _cTR-AnTOB |
||
| 041 | 0 | _aeng | |
| 050 | 0 |
_aAE5 _b.N489 |
|
| 090 | _aGREF AE5 .N489 | ||
| 245 | 0 | 4 | _aThe New Caxton encyclopedia. |
| 264 | 1 |
_aLondon: _bThe Caxton, _cc1966 - 1969. |
|
| 300 |
_a20 volumes ; _c31 cm. |
||
| 336 |
_atext _btxt _2rdacontent |
||
| 337 |
_aunmediated _bn _2rdamedia |
||
| 338 |
_avolume _bnc _2rdacarrier |
||
| 650 | 7 |
_aAnsiklopediler ve sözlükler _2etuturkob _932161 |
|
| 650 | 0 |
_aEncyclopedias and dictionaries _96274 |
|
| 901 | _a0019036 - 0019055 | ||
| 902 | _aSA | ||
| 942 |
_cREF _2lcc |
||